Yêu thơ văn em tập viết Dành cho học sinh lớp 4,5
v.v...
Đã lưu trong:
| Tác giả chính: | |
|---|---|
| Định dạng: | Sách |
| Năm xuất bản: |
H.
Giáo dục
2001
|
| Chủ đề: | |
| Tags: |
Thêm thẻ
Không có thẻ, Hãy là người đầu tiên gắn thẻ bản ghi này!
|
| LEADER | 01294nam a2200229 4500 | ||
|---|---|---|---|
| 999 | |c 11063 |d 11063 | ||
| 082 | |a 372.623 |b Đ450L | ||
| 100 | |a Đỗ Lê Chẩn | ||
| 245 | |a Yêu thơ văn em tập viết |c Đỗ Lê Chẩn, Đào Duy Mẫn, Hoàng Văn Thung |b Dành cho học sinh lớp 4,5 | ||
| 260 | |a H. |b Giáo dục |c 2001 | ||
| 300 | |a 216 tr. |c 20 cm. | ||
| 520 | |a v.v... | ||
| 653 | |a Giáo dục tiểu học | ||
| 653 | |a Viết văn | ||
| 653 | |a Lớp 4 | ||
| 653 | |a Lớp 5 | ||
| 942 | |2 ddc |c STK0 | ||
| 952 | |0 0 |1 0 |2 ddc |4 0 |6 372_623000000000000_Đ450L |7 0 |8 300 |9 95340 |a qbu |b qbu |c D2 |d 2015-09-29 |g 10300 |o 372.623 Đ450L |p 10867.c1 |r 0000-00-00 |w 2015-09-29 |y STK0 | ||
| 952 | |0 0 |1 0 |2 ddc |4 0 |6 372_623000000000000_Đ450L |7 0 |8 300 |9 95341 |a qbu |b qbu |c D2 |d 2015-09-29 |g 10300 |o 372.623 Đ450L |p 10867.c2 |r 0000-00-00 |w 2015-09-29 |y STK0 | ||
| 952 | |0 0 |1 0 |2 ddc |4 0 |6 372_623000000000000_Đ450L |7 0 |8 300 |9 95342 |a qbu |b qbu |c D2 |d 2015-09-29 |g 10300 |o 372.623 Đ450L |p 10867.c3 |r 0000-00-00 |w 2015-09-29 |y STK0 | ||
| 952 | |0 0 |1 0 |2 ddc |4 0 |6 372_623000000000000_Đ450L |7 0 |8 300 |9 95343 |a qbu |b qbu |c D2 |d 2015-09-29 |g 10300 |o 372.623 Đ450L |p 10867.c4 |r 0000-00-00 |w 2015-09-29 |y STK0 | ||
| 952 | |0 0 |1 0 |2 ddc |4 0 |6 372_623000000000000_Đ450L |7 0 |8 300 |9 95344 |a qbu |b qbu |c D2 |d 2015-09-29 |g 10300 |o 372.623 Đ450L |p 10867.c5 |r 0000-00-00 |w 2015-09-29 |y STK0 | ||